000 00586nam a2200181Ia 4500
008 090124s9999 xx 000 0 und d
082 _b25338
_a1796
100 _aथत्ते यदुनाथ
245 _a आपला मान आपला अभिमान
250 _a1
260 _c1986
300 _a72
600 _aथत्ते यदुनाथ
630 _a आपला मान आपला अभिमान
700 _aथत्ते यदुनाथ
730 _a आपला मान आपला अभिमान
942 _cBOOK
999 _c138852
_d138852